00695nam a22002053a 450000100060000000300080000600500170001400800410003103500190007204000270009104100080011808200220012610000360014824501460018426000410033030000340037150400390040565100280044470000170047227683BD-RjUL20211209051204.0140327s1965 enkab 001 0 eng d a(BD-RjUL)27762 aEQOcEQObengdBD-RjUL aeng a942bCHB V-1 19651 aChurchill, Winston,d1874-1965.14aThe Blenheim edition of A history of the English-speaking peoples /cwith an intr. and bibliogr. by R.W. EllisnI.pThe Island (55 B.C.-1066) aLondon :bCassel & co. Ltd.,cc1965. axii, 127 p. :bill. ;c20 cm. aIncludes bibliographies and index. 0aGreat BritainxHistory.1 aEllis, R. W.